Statistics for 2014 Obituaries

Click here to take the quiz!

General Stats

  • This quiz has been taken 5,736 times
  • The average score is 4 of 10

Answer Stats

AgeHintAnswer% Correct
63He was Mork, Genie, Patch Adams, etc...Robin Williams
98%
81Red carpet interviewer, comedienne, and plastic surgery patientJoan Rivers
73%
85Dimpled child actress who became an ambassadorShirley Temple Black
66%
46Three-named actor who starred in "Capote", "The Master", and "Almost Famous"Philip Seymour Hoffman
58%
87Colombian novelist: "One Hundred Years of Solitude"Gabriel García Márquez
29%
69Starred as Egon in "Ghostbusters". Also wrote and directed several comediesHarold Ramis
27%
85Israeli military commander and 2001-2006 Prime MinisterAriel Sharon
24%
71Portuguese-Mozambican footballer called "The Blank Panther".
Scored 9 goals in the 1966 World Cup
Eusébio
18%
85American businessman who owned Manchester United and the Tampa Bay BucsMalcolm Glazer
17%
82Dominican-American fashion designer. He designed clothes for Jackie KennedyOscar de la Renta
16%

Score Distribution

Percentile by Number Answered

Percent of People with Each Score

Your Score History

You have not taken this quiz